[Event "Titled Tue 27th May Early"]
[Site "chess.com INT"]
[Date "2025.05.27"]
[Round "7"]
[White "Ismagilov, Damir"]
[Black "Noy, Eyal"]
[Result "0-1"]
[WhiteTitle "CM"]
[BlackTitle "FM"]
[WhiteElo "2173"]
[BlackElo "2346"]
[WhiteFideId "34199982"]
[BlackFideId "2821117"]
[EventDate "2025.05.27"]

1. d4 Nf6 2. c4 e6 3. Nf3 d5 4. Nc3 Bb4 5. g3 dxc4 6. Bg2 O-O 7. O-O Nc6 8. Re1
Na5 9. Ne5 c5 10. dxc5 Bxc5 11. Qa4 Qc7 12. Bf4 g5 13. Nb5 Qb6 14. Bxg5 Bxf2+
15. Kh1 Nd7 16. Nxc4 Nxc4 17. Qxc4 Ne5 18. Qf4 f6 19. Rf1 Ng6 20. Qxf2 fxg5 21.
Qxb6 axb6 22. a3 Bd7 23. Nd6 Ne5 24. Bxb7 Rad8 25. Ne4 h6 26. Nf6+ Kg7 27. Nxd7
Rxd7 28. Rxf8 Kxf8 29. Rf1+ Ke7 30. Bf3 Rd2 31. b4 g4 32. Bg2 Rxe2 33. h3 Ra2
34. hxg4 Rxa3 35. Rf4 Rxg3 36. Re4 Nxg4 37. Rc4 Rxg2 38. Rc7+ Kd6 39. Rb7 Rh2+
40. Kg1 Kc6 41. Rg7 h5 42. Rg6 Rh3 43. Rxe6+ Kb5 44. Re4 Rb3 0-1

[Event "Titled Tue 27th May Early"]
[Site "chess.com INT"]
[Date "2025.05.27"]
[Round "7"]
[White "Zong, Davis"]
[Black "Barwinska, Ewa"]
[Result "1-0"]
[WhiteTitle "FM"]
[BlackTitle "WFM"]
[WhiteElo "2242"]
[BlackElo "2014"]
[WhiteFideId "30903955"]
[BlackFideId "21833761"]
[EventDate "2025.05.27"]

1. d4 Nf6 2. c4 g6 3. h4 Bg7 4. Nc3 d5 5. h5 Nxh5 6. cxd5 c6 7. e4 cxd5 8. exd5
Nf6 9. Bb5+ Bd7 10. Bc4 O-O 11. Bf4 b5 12. Bb3 b4 13. Nce2 Bb5 14. Qd2 Nxd5 15.
Bh6 Nf6 16. Nf3 Bxh6 17. Qxh6 Bxe2 18. Kxe2 Nc6 19. Ng5 Nxd4+ 20. Kf1 Nf5 21.
Qh3 h6 22. g4 Nxg4 23. Nxf7 Rxf7 24. Bxf7+ Kxf7 25. Qxg4 Qd3+ 26. Kg2 Qd5+ 27.
Qf3 Rd8 28. Rad1 Qxf3+ 29. Kxf3 Rc8 30. Rc1 Rd8 31. Rhd1 Nd6 32. Rc7 Ke6 33.
Re1+ Kd5 34. Rexe7 Rf8+ 35. Ke2 Rf5 36. Rxa7 Nc4 37. b3 Na3 38. Ra5+ Kd4 39.
Rxf5 gxf5 40. Rh7 Kc3 41. Rxh6 Kb2 42. Rh4 Nc2 43. Kd2 Kxa2 44. Kxc2 f4 45. Rxf4
Ka1 46. Rf5 Ka2 47. Ra5# 1-0

[Event "Titled Tue 27th May Early"]
[Site "chess.com INT"]
[Date "2025.05.27"]
[Round "7"]
[White "Ferrara, Enzo"]
[Black "Sahetchian, Armand"]
[Result "0-1"]
[BlackTitle "CM"]
[WhiteElo "2138"]
[BlackElo "2024"]
[WhiteFideId "137731"]
[BlackFideId "607150"]
[EventDate "2025.05.27"]

1. d4 e6 2. Nf3 f5 3. g4 fxg4 4. Ne5 Nf6 5. h3 d6 6. Nxg4 e5 7. dxe5 Nxg4 8.
hxg4 Bxg4 9. Qd4 Bf5 10. exd6 Qxd6 11. Qc4 Qc6 12. Qxc6+ Nxc6 13. c3 O-O-O 14.
Bg5 Re8 15. Nd2 Bc5 16. Bh3 Bxh3 17. Rxh3 Ne5 18. Ne4 Bb6 19. f3 h6 20. Bf4 g5
21. Bxe5 Rxe5 22. O-O-O Be3+ 23. Kc2 g4 24. Rh2 gxf3 25. exf3 Rf8 26. Rf1 Rxe4
27. fxe4 Rxf1 28. Kd3 Bg5 29. b4 Kd7 30. Kc4 Re1 31. Kd5 Rd1+ 32. Ke5 Ke7 33.
Rf2 Rc1 34. Rf3 Rd1 35. c4 Rd6 36. c5 Re6+ 37. Kd5 c6+ 38. Kd4 Rf6 39. Ra3 a6
40. Rh3 Ke6 41. a4 Rf1 42. Kc4 Rc1+ 43. Kd4 Kf6 44. Rf3+ Kg6 45. Rf5 h5 46. Ke5
h4 47. Kd6 h3 48. Rf2 h2 49. Rxh2 Bf4+ 50. Kd7 Bxh2 51. Kc8 Rc4 52. Kxb7 Rxb4+
53. Kxa6 Rxa4+ 54. Kb6 Rxe4 55. Kxc6 Kf6 56. Kd5 Re5+ 0-1

[Event "Titled Tue 27th May Early"]
[Site "chess.com INT"]
[Date "2025.05.27"]
[Round "7"]
[White "Krzywda, Andrzej"]
[Black "Gales, Randi-Ioan"]
[Result "1-0"]
[WhiteTitle "CM"]
[BlackTitle "CM"]
[WhiteElo "2175"]
[BlackElo "2290"]
[WhiteFideId "1114565"]
[BlackFideId "1285360"]
[EventDate "2025.05.27"]

1. e4 c5 2. Nf3 Nc6 3. d4 cxd4 4. Nxd4 e5 5. Nb5 d6 6. N1c3 a6 7. Na3 b5 8. Nd5
Nce7 9. Ne3 Nf6 10. c4 Nxe4 11. cxb5 d5 12. Be2 Qa5+ 13. Kf1 Be6 14. bxa6 Nc6
15. Bb5 Rxa6 16. Bxa6 Qxa6+ 17. Qe2 Qb6 18. Qb5 Qxb5+ 19. Nxb5 Kd7 20. Nc3 Nf6
21. Nc2 d4 22. Nd1 Bc4+ 23. Ke1 Bc5 24. Bd2 e4 25. b4 Ba7 26. a4 Re8 27. b5 Ne5
28. Nb2 Nd3+ 29. Nxd3 exd3+ 30. Ne3 dxe3 31. Bxe3 Nd5 32. Rc1 Nxe3 33. fxe3 d2+
34. Kxd2 Bxe3+ 35. Kc3 Bxc1 36. Rxc1 Be6 37. Kb4 Rc8 38. Rd1+ Kc7 39. a5 Kb7 40.
a6+ Kb6 41. Rd6+ Ka7 42. Ka5 Rc1 43. b6+ Kb8 44. Rd8+ Bc8 45. a7+ Kb7 46. Rf8
Ra1+ 47. Kb5 Bd7+ 48. Kc5 Rc1+ 49. Kd6 Rd1+ 50. Kc5 Bc8 51. Rxf7+ Ka6 52. a8=Q# 1-0

[Event "Titled Tue 27th May Early"]
[Site "chess.com INT"]
[Date "2025.05.27"]
[Round "7"]
[White "Bruhovich, Olexandr"]
[Black "Golubova, Anna"]
[Result "1/2-1/2"]
[WhiteTitle "CM"]
[BlackTitle "WIM"]
[WhiteElo "2208"]
[BlackElo "2112"]
[WhiteFideId "14119919"]
[BlackFideId "24173606"]
[EventDate "2025.05.27"]

1. e4 g6 2. d4 Bg7 3. Nc3 d6 4. f4 c6 5. Nf3 d5 6. exd5 cxd5 7. Bb5+ Nc6 8. O-O
Nf6 9. Ne5 Bd7 10. f5 O-O 11. fxg6 hxg6 12. Bxc6 Bxc6 13. Be3 Rc8 14. Qd2 a6 15.
Bh6 Ne4 16. Nxe4 dxe4 17. Bxg7 Kxg7 18. c4 b5 19. b3 bxc4 20. bxc4 Ba8 21. d5 f6
22. Ng4 Rh8 23. Qd4 Qc7 24. Qxe4 Qc5+ 25. Kh1 Rc7 26. Rac1 Qd6 27. h3 Bb7 28.
Rfe1 Bc8 29. Qd4 Rh4 30. Qf2 g5 31. Nh2 Rcxc4 32. Nf3 Rhf4 33. Rxc4 Rxc4 34. Nd4
Rc5 35. Ne6+ Bxe6 36. Rxe6 Rc1+ 37. Re1 Rxe1+ 38. Qxe1 Kg6 39. Qe4+ f5 40. Qd4
f4 41. Qe4+ Kf6 42. Kg1 Qe5 43. Qh7 Qd4+ 44. Kh2 Qxd5 45. Qh6+ Kf5 46. Qh7+ Ke5
47. Qg7+ Kd6 48. Qf8 Qe5 49. Qb8+ Ke6 50. Qc8+ Kf6 51. Qf8+ Kg6 52. Qg8+ Kf5 53.
Qf7+ Ke4 54. Qc4+ Qd4 55. Qe6+ Qe5 56. Qc4+ Kf5 57. Qf7+ Ke4 58. Qc4+ 1/2-1/2

[Event "Titled Tue 27th May Early"]
[Site "chess.com INT"]
[Date "2025.05.27"]
[Round "7"]
[White "Lacasa Diaz, Josep Anton"]
[Black "Avramidou, Anastasia"]
[Result "1-0"]
[WhiteTitle "IM"]
[BlackTitle "FM"]
[WhiteElo "2304"]
[BlackElo "2294"]
[WhiteFideId "2203375"]
[BlackFideId "4239873"]
[EventDate "2025.05.27"]

1. e4 e6 2. d4 d5 3. Nc3 Bb4 4. e5 c5 5. a3 Bxc3+ 6. bxc3 Qa5 7. Bd2 Qa4 8. Qb1
c4 9. g3 Ne7 10. Ne2 Nbc6 11. Bg2 b6 12. O-O Bd7 13. Nf4 O-O-O 14. Re1 h6 15.
Qb2 Nf5 16. Nxd5 exd5 17. Bxd5 Be6 18. Be4 Nfe7 19. f4 g6 20. Rad1 Nd5 21. Bf3
Nce7 22. Kh1 h5 23. Kg2 Qd7 24. a4 h4 25. a5 hxg3 26. hxg3 Bg4 27. axb6 Bxf3+
28. Kxf3 Nxb6 29. Ra1 Rh2 30. Ra5 Rxd2 31. Rea1 Nc6 32. Rc5 g5 33. Rxa7 g4+ 34.
Ke4 Qxa7 35. Rxc6+ Kd7 36. Rxb6 Ke8 37. Qb4 Qd7 38. Rd6 f5+ 39. Ke3 Re2+ 40.
Kxe2 Qc8 41. Qb5+ Ke7 42. Qd5 Rh8 43. e6 Rh2+ 44. Kf1 Rh1+ 45. Kg2 1-0

[Event "Titled Tue 27th May Early"]
[Site "chess.com INT"]
[Date "2025.05.27"]
[Round "7"]
[White "Ristic, Nebojsa M"]
[Black "Sadubayev, Airat"]
[Result "0-1"]
[WhiteTitle "IM"]
[BlackTitle "FM"]
[WhiteElo "2248"]
[BlackElo "2211"]
[WhiteFideId "900850"]
[BlackFideId "13713264"]
[EventDate "2025.05.27"]

1. e4 c6 2. d4 d5 3. exd5 cxd5 4. Bd3 Nc6 5. c3 Nf6 6. Bf4 Bg4 7. Nf3 e6 8. Nbd2
Bd6 9. Bxd6 Qxd6 10. O-O O-O 11. Re1 Qc7 12. Qe2 Rae8 13. Qe3 Bxf3 14. Nxf3 g6
15. Qh6 Re7 16. Ng5 e5 17. Re3 exd4 18. Rf3 Rfe8 19. Rxf6 Re1+ 20. Rxe1 Rxe1+
21. Bf1 Nd8 22. Qxh7+ Kf8 23. Qh8+ Ke7 24. Nxf7 d3 25. Qg7 Ne6 26. Rxe6+ Kxe6
27. Ng5+ Kd6 28. Qxg6+ Kd7 29. Qxd3 Qc4 30. Qxc4 dxc4 31. Nf3 Rb1 32. Ne5+ Ke6
33. Nxc4 b5 34. Na3 Rxb2 35. Nxb5 a6 36. Nc7+ Kd7 37. Nxa6 Rxa2 38. h4 Kd6 39.
g4 Ke5 40. g5 Kf4 41. Nc5 Ra8 42. g6 Rg8 0-1

[Event "Titled Tue 27th May Early"]
[Site "chess.com INT"]
[Date "2025.05.27"]
[Round "7"]
[White "Gunawardhana, Devindya Oshini"]
[Black "Nurgaliyev, Sauat"]
[Result "0-1"]
[WhiteTitle "WIM"]
[BlackTitle "IM"]
[WhiteElo "2068"]
[BlackElo "2407"]
[WhiteFideId "29941482"]
[BlackFideId "13726285"]
[EventDate "2025.05.27"]

1. Nf3 a6 2. g3 c5 3. Bg2 Nc6 4. c3 Nf6 5. O-O d5 6. d4 e6 7. Nbd2 Be7 8. e3 O-O
9. b3 Qc7 10. Bb2 Rd8 11. Rc1 b5 12. Qe2 Bb7 13. Rfd1 c4 14. bxc4 bxc4 15. e4
Rab8 16. Ba1 Bc8 17. Rb1 Bd7 18. e5 Ne8 19. Ne1 Qa5 20. Ndf3 Nc7 21. Qc2 Nb5 22.
Qd2 Na3 23. Rbc1 Rb7 24. Qf4 Rdb8 25. Ng5 Nd8 26. Bf3 Ba4 27. Bh5 g6 28. Bg4
Bxd1 29. Rxd1 Bf8 30. Bh3 h6 31. Ngf3 Rb1 32. Rxb1 Rxb1 33. Kg2 Rxa1 34. Qf6 Qc7
35. Bg4 Nb5 36. h4 Nxc3 37. h5 Be7 38. Qf4 g5 39. Qd2 Ne4 40. Qb2 Rxe1 41. Nxe1
Nc6 42. Nc2 Qb8 43. Qc1 c3 44. f3 Nd2 45. f4 Qb2 46. Qd1 Nc4 47. fxg5 Ne3+ 0-1

[Event "Titled Tue 27th May Early"]
[Site "chess.com INT"]
[Date "2025.05.27"]
[Round "7"]
[White "Mora Munoz, Alejandro"]
[Black "Kovalevsky, Stanislav"]
[Result "1-0"]
[WhiteTitle "FM"]
[BlackTitle "FM"]
[WhiteElo "2147"]
[BlackElo "2098"]
[WhiteFideId "4469844"]
[BlackFideId "13508598"]
[EventDate "2025.05.27"]

1. e4 c6 2. Nc3 d5 3. Nf3 dxe4 4. Nxe4 Nf6 5. Qe2 Nxe4 6. Qxe4 Nd7 7. Bc4 Nf6 8.
Ne5 e6 9. Qe2 Bd6 10. d4 h6 11. Bf4 O-O 12. O-O b5 13. Bd3 Bb7 14. c3 c5 15.
dxc5 Bxc5 16. Rad1 Qa5 17. b4 Bxb4 18. cxb4 Qxb4 19. Bg3 Nd5 20. Rb1 Qd4 21. Nf3
Qg4 22. h3 Qa4 23. Be5 a6 24. Ba1 Nf4 25. Qe3 Nxd3 26. Qxd3 f6 27. Rfe1 Bd5 28.
Nd4 Qxa2 29. Rb2 Qc4 30. Rd2 Rfd8 31. Qg3 Rac8 32. Nf3 e5 33. Nxe5 fxe5 34. Bxe5
Rd7 35. Rd4 Qc6 36. Rg4 g5 37. h4 Be6 38. hxg5 Bxg4 39. Qxg4 Kh7 40. g6+ Kg8 41.
Qh3 Re8 42. Qxh6 1-0

[Event "Titled Tue 27th May Early"]
[Site "chess.com INT"]
[Date "2025.05.27"]
[Round "7"]
[White "Smirnova, Ekaterina"]
[Black "Goncharov, Vladimir"]
[Result "0-1"]
[WhiteTitle "WIM"]
[WhiteElo "2096"]
[BlackElo "2077"]
[WhiteFideId "4110943"]
[BlackFideId "34162256"]
[EventDate "2025.05.27"]

1. d4 Nf6 2. c4 c5 3. d5 e6 4. Nc3 exd5 5. cxd5 d6 6. e4 g6 7. f4 Bg7 8. Bb5+
Nfd7 9. Nf3 O-O 10. O-O a6 11. Bd3 b5 12. Kh1 Re8 13. f5 Ne5 14. Bg5 f6 15. Bf4
Nbd7 16. Qd2 Bb7 17. Rae1 Rc8 18. Bb1 Qe7 19. Bg3 Nxf3 20. gxf3 Qf8 21. fxg6
hxg6 22. Ne2 Bh6 23. Bf4 g5 24. Be3 Ne5 25. b3 Rc7 26. Ng3 Bc8 27. f4 gxf4 28.
Bxf4 Rh7 29. Bc2 Kh8 30. Bd1 Ree7 31. Rf2 Ref7 32. Bxh6 Qxh6 33. Qxh6 Rxh6 34.
Ref1 Bh3 35. Rg1 Rg7 36. Be2 Rg5 37. a4 bxa4 38. bxa4 a5 39. Rb1 Bd7 40. Nf5
Bxf5 41. exf5 Rh4 42. Rb6 Rxa4 43. Rxd6 Kg7 44. Ra6 Ra1+ 45. Rf1 c4 46. Rxa1
Rxf5 47. R6xa5 Rf2 48. Bf1 c3 49. d6 Rd2 50. Ra7+ Kh6 51. Rc1 c2 52. Rc7 Nf3 53.
Bg2 Rd1+ 54. Bf1 Rxc1 55. Kg2 Ne5 56. Be2 Re1 57. Kf2 Rd1 58. h3 c1=Q 59. Rxc1
Rxc1 60. d7 Nxd7 0-1

[Event "Titled Tue 27th May Early"]
[Site "chess.com INT"]
[Date "2025.05.27"]
[Round "7"]
[White "Ivashentseva, Dominika"]
[Black "Carrasco Miranda, Andres"]
[Result "1/2-1/2"]
[WhiteTitle "WCM"]
[BlackTitle "CM"]
[WhiteElo "1921"]
[BlackElo "2211"]
[WhiteFideId "34331050"]
[BlackFideId "3405990"]
[EventDate "2025.05.27"]

1. d4 Nf6 2. c4 g6 3. Nf3 Bg7 4. g3 O-O 5. Bg2 d5 6. O-O Nc6 7. Ne5 dxc4 8. Nxc6
bxc6 9. Bxc6 Rb8 10. Na3 Bh3 11. Re1 Ne8 12. e3 Nd6 13. Qc2 e5 14. dxe5 Bxe5 15.
Nxc4 Nxc4 16. Qxc4 Bxb2 17. Bxb2 Rxb2 18. Rad1 Qf6 19. f4 Rfb8 20. Bf3 R8b4 21.
Qxc7 Rxa2 22. Rd8+ Kg7 23. Qc5 Qxd8 24. Qxb4 a5 25. Qc3+ Qf6 26. Qxf6+ Kxf6 27.
e4 a4 28. e5+ Ke7 29. Rb1 a3 30. Bd5 Rb2 31. Ra1 Rb5 32. Bc4 Ra5 33. Kf2 Be6 34.
Bxe6 Kxe6 35. Ke3 Kd5 36. Kd3 a2 37. Kc3 Ke4 38. Kb4 Ra8 39. Kb3 Kf3 40. Kb2 Kg2
41. g4 h5 42. gxh5 gxh5 43. f5 Kxh2 44. Rxa2 Re8 45. Kc3+ Kg3 46. Kd4 h4 47. Kd5
h3 48. e6 fxe6+ 49. fxe6 h2 50. Rxh2 Kxh2 51. Kd6 Kg3 52. Kd7 Rh8 53. e7 Kf4 54.
e8=Q Rxe8 55. Kxe8 1/2-1/2

[Event "Titled Tue 27th May Early"]
[Site "chess.com INT"]
[Date "2025.05.27"]
[Round "7"]
[White "Guerra Tulcan, Lenin"]
[Black "Vafin, Ayrat"]
[Result "1-0"]
[WhiteTitle "IM"]
[BlackTitle "FM"]
[WhiteElo "2310"]
[BlackElo "2302"]
[WhiteFideId "3601382"]
[BlackFideId "4146530"]
[EventDate "2025.05.27"]

1. e4 e5 2. Nf3 Nf6 3. d3 Nc6 4. c3 h6 5. Nbd2 a5 6. d4 d6 7. Bc4 exd4 8. cxd4
d5 9. exd5 Nxd5 10. O-O Be6 11. Re1 Be7 12. Ne4 O-O 13. Nc5 Bxc5 14. dxc5 Re8
15. b3 Qf6 16. Bd2 Rad8 17. Qc1 Ndb4 18. Bc3 Qg6 19. Bxe6 fxe6 20. Qf4 Nc2 21.
Qxc7 Nxe1 22. Rxe1 Qf7 23. Bxa5 Rd7 24. Qb6 Ra8 25. Bc3 Rxa2 26. b4 e5 27. b5
Nd4 28. Bxd4 exd4 29. c6 bxc6 30. bxc6 Rc7 31. Qxd4 Ra8 32. Ne5 Qe6 33. Qe3 Re8
34. f4 Qd5 35. Qf2 Re6 36. h3 Rf6 37. Kh2 Qd6 38. Qg3 Qf8 39. Re4 Qd6 40. Nd7
Qxc6 41. Nxf6+ Qxf6 42. Re8+ Kf7 43. Re4 Rc2 44. Qb3+ Kg6 45. Qxc2 1-0

[Event "Titled Tue 27th May Early"]
[Site "chess.com INT"]
[Date "2025.05.27"]
[Round "7"]
[White "Melikhov, Evgeny V."]
[Black "Devagharan, Devina"]
[Result "0-1"]
[WhiteTitle "FM"]
[BlackTitle "WFM"]
[WhiteElo "2154"]
[BlackElo "1860"]
[WhiteFideId "4122046"]
[BlackFideId "2061600"]
[EventDate "2025.05.27"]

1. d4 d5 2. c4 e6 3. Nc3 Be7 4. Nf3 Nf6 5. cxd5 exd5 6. Bg5 c6 7. Qc2 g6 8. e3
Bf5 9. Bd3 Bxd3 10. Qxd3 O-O 11. O-O Nbd7 12. h3 Re8 13. Rfe1 Ne4 14. Bxe7 Qxe7
15. Qc2 f5 16. Rac1 Qf6 17. b4 a6 18. a4 g5 19. a5 g4 20. hxg4 fxg4 21. Ne5 Nxe5
22. Nxe4 dxe4 23. dxe5 Rxe5 24. Rcd1 Rf8 25. Rd7 Re7 26. Red1 Rff7 27. Rxe7 Rxe7
28. Rd8+ Kg7 29. Qc4 Rf7 30. Rd2 Qa1+ 31. Kh2 Qe5+ 32. Kg1 g3 33. fxg3 Qxg3 34.
Qd4+ Kg8 35. Qd8+ Rf8 36. Qd4 Qe1+ 37. Kh2 Qh4+ 38. Kg1 h5 39. Rd1 Qf2+ 40. Kh2
Qf5 41. Rh1 h4 42. Kg1 Qf2+ 43. Kh2 Qg3+ 44. Kg1 Rf7 45. Rh3 Qe1+ 46. Kh2 Qf2
47. Qxe4 Rg7 0-1

[Event "Titled Tue 27th May Early"]
[Site "chess.com INT"]
[Date "2025.05.27"]
[Round "7"]
[White "Zhakshylykov, Erzhan"]
[Black "Lopez Abreu, Michel Samuel"]
[Result "1-0"]
[WhiteTitle "IM"]
[BlackTitle "FM"]
[WhiteElo "2362"]
[BlackElo "2038"]
[WhiteFideId "13804111"]
[BlackFideId "3927903"]
[EventDate "2025.05.27"]

1. e4 e6 2. d3 d5 3. Nd2 dxe4 4. dxe4 Nf6 5. Ngf3 Be7 6. Bc4 b6 7. O-O Bb7 8.
Qe2 O-O 9. e5 Nd5 10. Ne4 Nd7 11. c3 Nc5 12. Ng3 a6 13. Qc2 b5 14. Be2 Qc8 15.
Ng5 g6 16. N5e4 Nxe4 17. Nxe4 f5 18. exf6 Nxf6 19. Bf3 Nxe4 20. Bxe4 Bxe4 21.
Qxe4 Bf6 22. Bh6 Rd8 23. Rfe1 Re8 24. Rad1 Rb8 25. h4 e5 26. Rd3 Rd8 27. Red1
Rxd3 28. Rxd3 Qe6 29. a3 Bg7 30. Be3 Re8 31. g3 Qf5 32. Qxf5 gxf5 33. Rd7 c6 34.
Rc7 Re6 35. Ra7 f4 36. gxf4 exf4 37. Bxf4 c5 38. Be3 c4 39. Kf1 Bf6 40. h5 h6
41. Ke2 Bg7 42. Kf3 Rf6+ 43. Ke4 Re6+ 44. Kd5 Rf6 45. Bd4 Rf5+ 46. Ke6 Bf8 47.
Kxf5 1-0

[Event "Titled Tue 27th May Early"]
[Site "chess.com INT"]
[Date "2025.05.27"]
[Round "7"]
[White "Deveci, Huseyin Said"]
[Black "Jaskolka, Tomasz"]
[Result "1-0"]
[WhiteTitle "CM"]
[BlackTitle "CM"]
[WhiteElo "2212"]
[BlackElo "2200"]
[WhiteFideId "26322455"]
[BlackFideId "1170791"]
[EventDate "2025.05.27"]

1. c4 e5 2. Nc3 Nf6 3. g3 d5 4. cxd5 Nxd5 5. Bg2 Nb6 6. d3 Nc6 7. Nf3 Be7 8. O-O
Be6 9. a4 a5 10. Nd2 Qd7 11. Nde4 Bh3 12. Be3 Bxg2 13. Kxg2 Nd4 14. Bxd4 exd4
15. Nb5 c6 16. Na3 Qd5 17. Kg1 O-O 18. Rc1 f5 19. Nd2 f4 20. Nac4 Nxc4 21. Rxc4
fxg3 22. hxg3 Rf6 23. Qb3 Bb4 24. Rxd4 Qxb3 25. Nxb3 Raf8 26. Kg2 b5 27. axb5
cxb5 28. Rd5 a4 29. Rxb5 Be1 30. f3 Bxg3 31. Kxg3 axb3 32. Rxb3 h5 33. Rb7 g5
34. Rc1 h4+ 35. Kg4 Rf4+ 36. Kh5 h3 37. Rb5 R8f7 38. Rxg5+ Kh7 39. Rh1 R7f6 40.
Rg4 Rh6+ 41. Kg5 Rff6 42. f4 h2 43. f5 Rb6 44. Rg2 Rxb2 45. Rhxh2 Rxh2 46. Rxh2+
Kg7 47. f6+ Kf7 48. Rh7+ Kg8 49. Re7 Rb8 50. Kg6 Rf8 51. Rg7+ Kh8 52. Rh7+ Kg8
53. f7+ Rxf7 54. Rxf7 Kh8 55. Rf8# 1-0

[Event "Titled Tue 27th May Early"]
[Site "chess.com INT"]
[Date "2025.05.27"]
[Round "7"]
[White "Skliarov, Viktor"]
[Black "Matskevich, Varvara"]
[Result "1-0"]
[WhiteTitle "IM"]
[BlackTitle "WFM"]
[WhiteElo "2334"]
[BlackElo "1988"]
[WhiteFideId "14106736"]
[BlackFideId "13523465"]
[EventDate "2025.05.27"]

1. e4 c5 2. Nf3 d6 3. d4 cxd4 4. Qxd4 Nc6 5. Bb5 Bd7 6. Bxc6 bxc6 7. c4 e5 8.
Qd3 Nf6 9. O-O c5 10. Bg5 Bc6 11. Nc3 h6 12. Bxf6 Qxf6 13. Nd5 Qd8 14. Rfd1 Rb8
15. Rab1 Bxd5 16. Qxd5 Qc7 17. Nh4 g6 18. g3 Be7 19. Ng2 O-O 20. Ne3 Rfd8 21.
Qd3 Bf8 22. Nd5 Qa5 23. a3 Qa4 24. b4 cxb4 25. axb4 Bg7 26. Ra1 Qd7 27. Ra6 Kh8
28. Rda1 Rb7 29. Kg2 f5 30. f3 Qf7 31. Qe3 fxe4 32. Qxe4 Kh7 33. Rc6 Rbd7 34.
Raa6 Qf5 35. g4 Qxe4 36. fxe4 h5 37. gxh5 gxh5 38. Ne3 Kg6 39. Nf5 Bf8 40. Kf3
Kf7 41. Ra2 Kf6 42. Rca6 Kg5 43. Rxa7 Rxa7 44. Rxa7 Rc8 45. Ne3 Kf6 46. b5 Bh6
47. Nd5+ Kg6 48. Ne7+ Kf6 49. Nxc8 Bf4 50. Nxd6 Ke6 51. Nf5 Kf6 52. Ra6+ Kg5 53.
Rc6 h4 54. h3 Kh5 55. b6 Kg5 56. b7 Kh5 57. b8=Q Bg5 58. Qh8+ Bh6 59. Qxh6# 1-0

[Event "Titled Tue 27th May Early"]
[Site "chess.com INT"]
[Date "2025.05.27"]
[Round "7"]
[White "Ferey, Antonin"]
[Black "Barria Zuniga, Daniel"]
[Result "0-1"]
[WhiteTitle "CM"]
[BlackTitle "IM"]
[WhiteElo "2238"]
[BlackElo "2341"]
[WhiteFideId "36051454"]
[BlackFideId "3400816"]
[EventDate "2025.05.27"]

1. d4 Nf6 2. Nf3 g6 3. c4 Bg7 4. e3 O-O 5. Be2 c5 6. d5 d6 7. Nc3 e6 8. O-O exd5
9. cxd5 a6 10. a4 Re8 11. Nd2 Nbd7 12. Re1 Rb8 13. Bf1 Qc7 14. e4 Nf8 15. a5
N8d7 16. Nc4 b5 17. axb6 Nxb6 18. Na5 Ra8 19. Ra3 Bd7 20. h3 Qb8 21. Bf4 Nh5 22.
Bh2 Be5 23. g3 Nf6 24. f4 Bd4+ 25. Kh1 Bxc3 26. bxc3 Nxe4 27. Qf3 Nd2 28. Qf2
Rxe1 29. Qxe1 Nxf1 30. Qxf1 Qe8 31. c4 Qe4+ 32. Qf3 Re8 33. Bg1 Bxh3 34. Qxe4
Rxe4 35. Kh2 Bf1 36. Bf2 Bxc4 37. Nxc4 Nxc4 38. Rxa6 Re2 39. Kg1 Rd2 40. Ra4 Nb6
41. Ra6 Nc4 42. Ra4 Rc2 43. Kf1 h5 44. Ra8+ Kg7 45. Rd8 Kf6 46. Be1 Kf5 47. Bf2
Ke4 48. Rf8 f5 49. Rf6 Kf3 0-1

[Event "Titled Tue 27th May Early"]
[Site "chess.com INT"]
[Date "2025.05.27"]
[Round "7"]
[White "Lissillour, Baptiste"]
[Black "Pavlov, Nikolay"]
[Result "0-1"]
[WhiteTitle "FM"]
[BlackTitle "FM"]
[WhiteElo "2318"]
[BlackElo "2316"]
[WhiteFideId "45179620"]
[BlackFideId "24141470"]
[EventDate "2025.05.27"]

1. e4 c6 2. Nf3 d5 3. Nc3 dxe4 4. Nxe4 Nf6 5. Qe2 Na6 6. d4 Bg4 7. c3 Qd5 8.
Nxf6+ gxf6 9. Qd3 Bf5 10. Qd1 Be4 11. Be2 Rg8 12. O-O O-O-O 13. Bf4 Nc7 14. Bg3
Ne6 15. Qa4 a6 16. Nd2 Nf4 17. Bc4 Qf5 18. Nxe4 Qxe4 19. f3 Qe3+ 20. Kh1 Nd5 21.
Bxa6 Qe6 22. Rae1 Qd7 23. Qb3 e5 24. Bd3 Bd6 25. Qc2 Qc7 26. Bf5+ Kb8 27. dxe5
Bxe5 28. Bxe5 fxe5 29. Qe4 Nf4 30. g3 Nd3 31. Re2 f6 32. Qe3 e4 33. Bxe4 Ne5 34.
Rd2 h5 35. Rfd1 Rxd2 36. Rxd2 h4 37. f4 Nc4 38. Qd3 Nxd2 39. Qxd2 hxg3 40. hxg3
Rxg3 41. Qf2 Qg7 42. Kh2 Rg4 43. Bf5 Qh6+ 0-1

[Event "Titled Tue 27th May Early"]
[Site "chess.com INT"]
[Date "2025.05.27"]
[Round "7"]
[White "Eljanov, Pavel"]
[Black "Svane, Rasmus"]
[Result "1-0"]
[WhiteTitle "GM"]
[BlackTitle "GM"]
[WhiteElo "2668"]
[BlackElo "2629"]
[WhiteFideId "14102951"]
[BlackFideId "4657101"]
[EventDate "2025.05.27"]

1. d4 d5 2. Nf3 e6 3. Bf4 Bd6 4. e3 Nf6 5. Nbd2 O-O 6. c3 c5 7. Ne5 Nc6 8. Bd3
Qc7 9. Ndf3 Ne7 10. h4 Ne4 11. dxc5 Qxc5 12. Bxe4 dxe4 13. Nd7 Bxd7 14. Bxd6 Qd5
15. Bxe7 Rfe8 16. Qxd5 exd5 17. Bc5 exf3 18. gxf3 f6 19. O-O-O Be6 20. h5 Kf7
21. h6 g6 22. Bd4 a6 23. f4 Rac8 24. f3 f5 25. b3 Bd7 26. Kb2 Bc6 27. a4 a5 28.
Be5 Ra8 29. Rd4 Re7 30. Ra1 Ra6 31. b4 axb4 32. Rxb4 Re8 33. a5 Rea8 34. Bc7 Re8
35. Bb6 Raa8 36. Rd1 Re6 37. Kb3 Ke8 38. Rd3 Re7 39. Rbd4 Bb5 40. Rd2 Bc6 41.
R4d3 Re6 42. c4 dxc4+ 43. Kxc4 Bxf3 44. Rd8+ Rxd8 45. Rxd8+ Kf7 46. Rh8 g5 47.
fxg5 Kg6 48. Rg8+ Kh5 49. Rg7 Rg6 50. Bd8 Rc6+ 51. Kb4 f4 52. exf4 Be4 53. Bf6
Rc8 54. Re7 Bf5 55. Rxb7 Kg4 56. a6 Rc1 57. a7 Ra1 58. Bxa1 1-0

[Event "Titled Tue 27th May Early"]
[Site "chess.com INT"]
[Date "2025.05.27"]
[Round "7"]
[White "Arslanov, Shamil"]
[Black "Gasparyan, Erik R."]
[Result "0-1"]
[WhiteTitle "IM"]
[BlackTitle "IM"]
[WhiteElo "2410"]
[BlackElo "2372"]
[WhiteFideId "4192826"]
[BlackFideId "13315730"]
[EventDate "2025.05.27"]

1. d4 e6 2. e4 d5 3. Be3 dxe4 4. f3 exf3 5. Nxf3 Nf6 6. Bd3 c5 7. dxc5 Nd5 8.
Bf2 Qa5+ 9. Qd2 Qxd2+ 10. Nbxd2 Nb4 11. O-O Nxd3 12. cxd3 Bd7 13. b4 Bc6 14. Ne5
Bd5 15. b5 f6 16. Nec4 Nd7 17. d4 Be7 18. a4 e5 19. Rae1 O-O-O 20. dxe5 fxe5 21.
Nxe5 Nxe5 22. Rxe5 Bf6 23. Re2 Rhe8 24. Rfe1 Rxe2 25. Rxe2 Bc3 26. Kf1 Ba2 27.
Nf3 Bc4 28. Be1 Rd1 29. Kf2 Bxe2 30. Kxe2 Rc1 31. Bg3 Bb4 32. c6 bxc6 33. bxc6
Rxc6 34. Kd3 Bd6 35. Bf2 a6 36. Ke4 Bb8 37. Kd5 Rd6+ 38. Kc5 Rg6 39. Kd5 Rxg2
40. Bc5 g5 41. Nd4 Rxh2 42. Nf5 g4 43. Ke6 g3 44. Ne7+ Kb7 45. Bg1 Re2+ 46. Kd7
Rxe7+ 47. Kxe7 h5 0-1